Airbus - Premiers clients - Statistiques

Statistiques générales
  • Ce quiz a été pris 39 fois
  • Le résultat moyen est 5 sur 9
Statistiques - réponses
Avion Code IATA Code OACI Compagnie aérienne % Correct
Airbus A300 AF AFR Air France
97%
Airbus A320 AF AFR Air France
85%
Airbus A350 QR QTR Qatar Airways
71%
Airbus A310 LH DLH Lufthansa
65%
Airbus A340 LH DLH Lufthansa
53%
Airbus A330neo TP TAP TAP Air Portugal
44%
Airbus A220 LX SWR SWISS
35%
Airbus A380 SQ SIA Singapore Airlines
21%
Airbus A330 IT ITF Air Inter
12%
Aucun quiz correspondant
Distribution des résultats
% des personnes avec chaque résultat
Percentile par nombre de réponses
Votre historique - résultats
Vous n’avez pas pris ce quiz